United Nations and global conflicts / (Record no. 71976)

MARC details
000 -LEADER
fixed length control field 00711nam a22002297a 4500
005 - DATE AND TIME OF LATEST TRANSACTION
control field 20131008164152.0
008 - FIXED-LENGTH DATA ELEMENTS--GENERAL INFORMATION
fixed length control field 121210t xxu||||| |||| 00| 0 eng d
010 ## - LCCN (DPL NO)
LC control number ENG-106292
020 ## - INTERNATIONAL STANDARD BOOK NUMBER
International Standard Book Number 9788184842302
Terms of availability 2280.00
035 ## - SYSTEM CONTROL NUMBER
System control number EN-89825
037 ## - SOURCE OF ACQUISITION
Source of stock number/acquisition DBAD/PUB
040 ## - CATALOGING SOURCE
Original cataloging agency DPL
Language of cataloging Eng
082 ## - DEWEY DECIMAL CLASSIFICATION NUMBER
Classification number 352.113
245 ## - TITLE STATEMENT
Title United Nations and global conflicts /
Statement of responsibility, etc edited by Chanchal Kumar [and] Sanju Gupta
260 ## - PUBLICATION, DISTRIBUTION, ETC. (IMPRINT)
Place of publication, distribution, etc New Delhi
Name of publisher, distributor, etc Regal Publications
Date of publication, distribution, etc 2013
270 ## - ADDRESS
Address F-159 Rajouri Garden
City New Delhi
Postal code 110027
300 ## - PHYSICAL DESCRIPTION
Extent xii,646p.
Dimensions 24cm(Hb)
500 ## - GENERAL NOTE
General note Includes index
700 ## - ADDED ENTRY--PERSONAL NAME
Personal name Chanchal Kumar
9 (RLIN) 54150
700 ## - ADDED ENTRY--PERSONAL NAME
Personal name Gupta, Sanju
9 (RLIN) 54155
942 ## - ADDED ENTRY ELEMENTS (KOHA)
Source of classification or shelving scheme Dewey Decimal Classification
Item type English Books
Call number suffix UNI
Classification part 352.113
Holdings
Withdrawn status Lost status Source of classification or shelving scheme Damaged status Not for loan Collection code Home library Current library Date acquired Source of acquisition Cost, normal purchase price Total Checkouts Full call number Barcode Date last seen Copy number Cost, replacement price Koha item type
    Dewey Decimal Classification   Not For Loan Non-fiction D.B.Act.Division D.B.Act.Division 10/12/2012 DBAD/PUB 2280.00   352.113 UNI EN-89825 10/12/2012 1 2280.00 English Books

© Delhi Public Library
Hit Counter
free hit counter